000 00456nam a2200181Ia 4500
008 240925s9999 xx 000 0 und d
020 _aNA
082 _a531.12 PES
100 _aPestel, Eduard C.; Thomson, William T.
245 0 _aStatics
250 _aNA
260 _aToronto:
_bMc Graw-Hill
_c,1969.
300 _axii,546p.
_bNA
_fOriginal
500 _aIncludes Index
600 _aHumanities & Natural Science
650 _aPhysics
942 _cBK
999 _c3697
_d3697